| 000 | 004120000a22001330004500 | ||
|---|---|---|---|
| 008 | 230817t ||||| |||| 00| 0 eng d | ||
| 082 |
_a305.4 _bSUR |
||
| 245 | _aA survey of attitudes and opinions of women in three diverse regions of Sri Lanka | ||
| 260 |
_aColombo: _bWomen's Bureau of Sri Lanka, _c1986 |
||
| 300 | _a29 p. | ||
| 650 | _aWOMEN-Sri Lanka | ||
| 650 | _aRural women-Policy development | ||
| 942 | _cRP | ||
| 999 |
_c2595 _d2595 |
||